|
|
|
|
| LEADER |
00000nas1a2200000 4500 |
| 001 |
580226 |
| 005 |
20231102022032.0 |
| 011 |
|
|
|a 2079-5637
|
| 035 |
|
|
|a (RuTPU)RU\TPU\prd\279856
|
| 035 |
|
|
|a RU\TPU\prd\278635
|
| 090 |
|
|
|a 580226
|
| 100 |
|
|
|a 20180704a20109999k y0rusy50 ca
|
| 101 |
0 |
|
|a rus
|
| 102 |
|
|
|a RU
|
| 110 |
|
|
|a agaz|||0uu0
|
| 200 |
1 |
|
|a Ядерная физика и инжиниринг
|e научный журнал
|
| 210 |
|
|
|a Москва
|c Наука/Интерпериодика
|d 2014-
|
| 305 |
|
|
|a Издается с 2010 г.
|
| 326 |
|
|
|a 6 выпусков в год
|
| 333 |
|
|
|a Режим доступа: по договору с организацией-держателем ресурса
|
| 606 |
|
|
|a Ядерная физика
|2 stltpush
|3 (RuTPU)RU\TPU\subj\21560
|9 46524
|
| 610 |
1 |
|
|a ядерные реакторы
|
| 610 |
1 |
|
|a ядерный синтез
|
| 610 |
1 |
|
|a изотопы
|
| 610 |
1 |
|
|a физика плазмы
|
| 610 |
1 |
|
|a радиационная безопасность
|
| 610 |
1 |
|
|a взаимодействие с веществом
|
| 610 |
1 |
|
|a ионизирующие излучения
|
| 610 |
1 |
|
|a электронный ресурс
|
| 675 |
|
|
|a 539.14
|v 3
|
| 801 |
|
0 |
|a RU
|b 63413507
|c 20011210
|g PSBO
|
| 801 |
|
2 |
|a RU
|b 63413507
|c 20180704
|g PSBO
|
| 856 |
4 |
|
|u http://www.maik.ru/ru/journal/yadfen/
|
| 856 |
4 |
|
|u https://elibrary.ru/title_about.asp?id=31013
|
| 942 |
|
|
|c CR
|